000 00986nam a2200301 i 4500
001 bg
003 KOSZ 005
005 20191016134617.0
008 031021s1975 pl a f f |000 0 pol
015 _aPB 1975/4972
035 _a(OCoLC)830526872
040 _aWA N
_cKOSZ 005/HR
_dKOSZ 005/HR
041 0 _apol
080 _a536
080 _a 621.1.01:536.7
100 1 _aPudlik, Wiesław
_d(1930- ).
_eAutor
245 1 0 _aWymiana ciepła :
_bdla studiów wieczorowych i zaocznych /
_cWiesław Pudlik ; Politechnika Gdańska.
260 _aGdańsk :
_bPG,
_c1975.
300 _a263 s. :
_bil., tab., wykr. ;
_c24 cm.
380 _aKsiążki.
658 _aInżynieria i technika
655 4 _aPodręczniki akademickie
650 4 _aTermodynamika techniczna
650 4 _aPrzewodnictwo cieplne
650 4 _aCiepło
856 _uhttp://koha.tu.koszalin.pl/cgi-bin/koha/opac-detail.pl?biblionumber=16041
_yKatalog online BPK
942 _2UKD
_cKS
999 _c16041
_d16041